00495 2200205 4500001002100000005001500021035002000036007000300056008004100059020002200100082000800122100002100130245002300151260004300174300002200217520001000239084001400249250001000263990001600273INLIS00000000000000120260410095047 a0010-0426000001ta260410 g f ind  a978-623-10-3143-3 a8130 awulan nur amalia1 aBandung After Rain ajakarta :bPT SINAR ANGSA MEDIA,c2024 a282 ;c13 x 19 cm afiksi a813 WUL b acet 2 a00000000001